Pays Méditerranéen. NIVEAU 1 - Statistiques

Statistiques générales
  • Ce quiz a été pris 49 fois
  • Le résultat moyen est 17 sur 22
Statistiques - réponses
Réponse % Correct
Espagne
100%
Algérie
98%
Grèce
98%
Italie
98%
Maroc
98%
France
93%
Tunisie
93%
Croatie
88%
Turquie
88%
Albanie
83%
Chypre
83%
Libye
83%
Malte
83%
Ègypte
81%
Israël
76%
Monaco
69%
Bosnie
67%
Liban
67%
Slovénie
62%
Monténégro
57%
Syrie
50%
Palestine
21%
Aucun quiz correspondant
Distribution des résultats
% des personnes avec chaque résultat
Percentile par nombre de réponses
Votre historique - résultats
Vous n’avez pas pris ce quiz